000 01157nam a22003377a 4500
003 CHAP
005 20220817044220.0
008 080522s2007 us a r 00010 eng d
010 _a94840
011 _a95812
020 _a9781578085095
035 _a106443
040 _cCHAP
082 0 4 _a631.57
_bO2
100 1 _aOchatt, Sergio
_e, ed.
_982648
245 1 0 _aBreeding of neglected and under - utilized crops, spices and herbs
_c/edited by Sergio Ochatt and S. Mohan Jain
260 _aEnfield, NH :
_bScience Publishers,
_c2007
300 _axvii, 447 p. :
_bilus. ; gráfs. ; cuadros
590 _aBATCH-UPD
_b10
_c20130110
_lUCH01
_h0415
590 _aBATCH-UPD
_b10
_c20130410
_lUCH01
_h0049
590 _aBATCH-UPD
_b10
_c20130914
_lUCH01
_h1123
590 _aCONVERSION
_b10
_c20130109
_lUCH01
_h1352
650 1 4 _aCultivos
_xMejoramiento.
_930293
650 1 4 _aCultivos
_xVariedades.
_930332
650 1 4 _aGenética vegetal.
650 1 4 _aPlantas
_xMejoramiento.
_988849
700 0 _aJain, S. Mohan
_e, ed.
_960943
901 _aBK
942 _cLIBRO
949 _a631.57 O2
_bBC
_cLIBRO
_d33724002057074
_eLIBRO
_gI.237643
_h109423
_i106443
_sb
_t$1207.79
999 _c94840
_d94840